| 000 | 00617cam a2200241 4500 | ||
|---|---|---|---|
| 001 | 36104 | ||
| 010 | _a9727800726 | ||
| 021 |
_aPT _b168143/01 |
||
| 090 | _a36104 | ||
| 100 | _a20011113d2001 m y0pory5003 ba | ||
| 101 | 0 | _apor | |
| 102 | _aPT | ||
| 200 | 1 |
_aPsicomotricidade _eperspectivas multidisciplinares _fVitor da Fonseca |
|
| 205 | _a1ªed | ||
| 210 | 9 |
_aLisboa _cÂncora, _d2001 |
|
| 215 |
_a173 p. _cil. _d23 cm |
||
| 225 | 2 | _aEducação para o século XXI | |
| 606 | _aPsicomotricidade | ||
| 675 |
_a159.943 _vBN _zpor |
||
| 700 |
_aFonseca, _bVítor da _96591 |
||
| 801 |
_aPT _gRPC |
||
| 990 | _cLIVROS | ||
| 994 | _aCOMP | ||